| 000 | 00587nam a2200205 u 4500 | ||
|---|---|---|---|
| 005 | 20220622063619.0 | ||
| 008 | 121108s2000 mx r 000 0 spa d | ||
| 020 | _a9786074002102 | ||
| 035 | _aUPN01000188284 | ||
| 049 | _aI | ||
| 050 | 4 |
_aPZ26.3 _bS9.2 |
|
| 100 | 0 |
_aSylvain Victor, _d1964- _933368 |
|
| 245 | 1 | 0 |
_aBruno : _bla oveja sin suerte / _cSylvain Victor. |
| 260 |
_aMéxico : _bOcéano, _c[200-]. |
||
| 300 |
_a[34] p. : _bil. col. |
||
| 650 | 0 |
_aAnimales _vCuentos y leyendas _9234 |
|
| 650 | 0 |
_aCuentos infantiles franceses _98588 |
|
| 905 | _aLibro | ||
| 999 |
_c160387 _d160387 |
||